| 000 | 01508nam2a22002531 4500 | ||
|---|---|---|---|
| 001 | rc\158599 | ||
| 005 | 20030307112824.0 | ||
| 021 |
_aRU _bКН-П-19-094876 _9КН-П-19-6953 |
||
| 035 | _a(NLR Aleph) 005615343 | ||
| 090 |
_a6450223 _c6450223 |
||
| 100 | _a20030307d1992 u y0rusy50 ca | ||
| 101 | 0 | _arus | |
| 102 | _aRU | ||
| 105 | _ay ||||||||| | ||
| 200 | 0 |
_a... в 1989-1990 гг. _f[Сост. Е.И. Серебряная] |
|
| 210 | _d1992 | ||
| 215 | _a139, [1] с. | ||
| 461 | 0 |
_1001rc\158598 _12001#$aМетодология естественных, математических и общественных наук$eУказ. лит., изд. в СССР...$fРос. акад. наук. ИНИОН. [Отд. науч.-библиогр. обраб. лит. и формирования баз данных. Сектор НБИ по филос. наукам]$v... в 1989-1990 гг. _96450219 _cМ. _d1992 _fРос. акад. наук. ИНИОН. [Отд. науч.-библиогр. обраб. лит. и формирования баз данных. Сектор НБИ по филос. наукам] _nИНИОН _oУказ. лит., изд. в СССР... _tМетодология естественных, математических и общественных наук _v... в 1989-1990 гг. |
|
| 702 | 1 |
_aСеребряная _bЕ.И. _gЕлена Ильинична _4220 |
|
| 801 | 0 |
_aRU _bNLR _gpsbo |
|
| 801 | 1 |
_aRU _bELAR _2rusmarc |
|
| 852 |
_aNLR _bС _jК-1/5805 |
||
| 942 | _cBOOK | ||
| 980 | _aNB | ||